000 01752nam a22004215c 4500
001 196052
003 ES-MaACL
005 20250428063010.0
008 240810s2022 sp a | |||| 000 0 spa
015 _aMON22
017 _aAS 2414-2022
_bOficina Depósito Legal Asturias
020 _a9788412428254
035 _a(SpMaBN)a7211289
035 _a991046455199708606
040 _aSpMaBN
_bspa
_cSpMaBN
_erda
080 _a364-57(460.154 Mondragón):615.838
100 1 _aValenzuela Doussinague, Juan Pedro
_9238056
_eaut
245 1 3 _aEl balneario de Santa Águeda /
_cJuan Pedro Valenzuela Doussinague
246 0 _iSubtítulo de la cubierta
_aHistoria, anécdotas y curiosidades, Arrasate-Mondragón, Guipúzcoa (s. XIX)
250 _aPrimera edición 10/2022
264 1 _aGijón, España
_bGravitaciones,
_c[2022]
264 4 _c©2022
300 _a259 páginas
_bilustraciones (blanco y negro y color)
_c23 cm
336 _aTexto
_2rdacontent
337 _asin mediación
_2rdamedia
338 _avolumen
_2rdacarrier
490 1 _aColección Observatorio ;
_v1
500 _aCatalogación provisional. Signatura: N-9179. Depósito J.
504 _aBibliografía: páginas 253-259
610 2 7 _aBalneario de Santa Águeda
_vHistoria
_9238057
830 0 _aColección Observatorio ;
_v1
_9240109
852 _aES-MaACL
_bR.154404
_cDEPOJ
_jN-9179
_gDedicatoria autógrafa del autor
_hDonación: Juan Pedro Valenzuela Doussinague
_xEncuadernación rústica con solapas
_9205084
903 _9238056
_aValenzuela Doussinague, Juan Pedro
_ednr
942 _2udc
_cMONOGRAFIA
_n0
999 _c196052
_d196052